| 000 | 00876nam a22002177a 4500 | ||
|---|---|---|---|
| 999 |
_c19557 _d19557 |
||
| 003 | AR-CdUCM | ||
| 008 | 190518b ||||| |||| 00| 0 spa d | ||
| 040 |
_aMUNICIPALIDAD PROVINCIAL DEL CUSCO _cBIBLIOTECA MUNICIPAL DEL CUSCO |
||
| 082 |
_22ed. _a339.3 / _bS52 |
||
| 100 |
_aSiegel, Barry N. _940968 |
||
| 245 | _aAgregados económicos y política pública / | ||
| 260 |
_aBuenos Aires : _bFondo de Cultura Económica, _c1966. |
||
| 300 |
_a392 páginas ; _c21.5 cm. |
||
| 505 | _aContenido: Introducción al análisis del ingreso nacional -- El problema se complica -- El producto nacional bruto y medidas conexas: la economía de los Estados Unidos ... | ||
| 650 |
_aEconomía _9382 |
||
| 650 |
_aPolítica económica _91407 |
||
| 650 |
_aPolítica publica _98863 |
||
| 700 |
_aPimentel, Rubén C. (traductor) _940969 |
||
| 942 |
_2ddc _cLIBROS |
||
| 945 |
_aacv _d2019-05-18 |
||